000
00286nam a2200109Ia 4500
008
190914s9999||||xx |||||||||||||| ||und||
100
_a
Eugene F.Brigham
245
0
_a
Financial Management theory and Practice
260
_a
Karachi
_b
Bismillah book
_c
1998
300
_a
1180
942
_c
BK
999
_c
8430
_d
8430